Community participation in primary health care (Record no. 9648)

000 -LEADER
fixed length control field 00382pab a2200145 454500
008 - FIXED-LENGTH DATA ELEMENTS--GENERAL INFORMATION
fixed length control field 180718b1986 xxu||||| |||| 00| 0 eng d
100 ## - MAIN ENTRY--PERSONAL NAME
Personal name Roy, Somnath
245 ## - TITLE STATEMENT
Title Community participation in primary health care
260 ## - PUBLICATION, DISTRIBUTION, ETC.
Date of publication, distribution, etc. 1986
300 ## - PHYSICAL DESCRIPTION
Extent 165-91
362 ## - DATES OF PUBLICATION AND/OR SEQUENTIAL DESIGNATION
Dates of publication and/or sequential designation Oct.-Dec.
700 ## - ADDED ENTRY--PERSONAL NAME
Personal name B.B.L. Sharma
773 ## - HOST ITEM ENTRY
Main entry heading Health and Population - Perspectives and issues
909 ## -
-- 9648
Holdings
Withdrawn status Lost status Damaged status Not for loan Permanent Location Current Location Date acquired Serial Enumeration / chronology Barcode Date last seen Price effective from Koha item type
        Indian Institute of Public Administration Indian Institute of Public Administration 2018-07-19 Volume no: 9, Issue no: 4 AR9663 2018-07-19 2018-07-19 Articles

Powered by Koha